| 000 | 00434nam a2200157 i 4500 | ||
|---|---|---|---|
| 001 | 25264 | ||
| 003 | ES-MaACL | ||
| 007 | t| | ||
| 008 | 021223s1923 sp ||||1| spa d | ||
| 100 | 1 |
_aAranaz Castellanos, Manuel. _922267 |
|
| 245 | 1 | 0 |
_aCalabazatorre _b: novela vasca / _cM. Aranaz Castellanos. |
| 250 | _a3ยช ed. | ||
| 260 |
_aMadrid : _bMarineda, _c1923. |
||
| 300 |
_a303 p. ; _c20 cm. |
||
| 852 |
_aES-MaACL _jL-9327 _bR.111177 |
||
| 999 |
_c25264 _d25264 |
||